[Event "Regency Masters 6th"]
[Site "Ramsgate"]
[Date "1984.12.08"]
[Round "1"]
[White "Ady, Jonathan James"]
[Black "Kuijf, Marinus"]
[Result "1-0"]
[WhiteElo "2290"]
[BlackElo "2335"]
[PlyCount "73"]
[EventDate "1984.12.08"]
[EventType "swiss"]
[EventRounds "9"]
[EventCountry "ENG"]
[SourceTitle "BritBase"]
[Source "John Saunders"]
[SourceDate "2020.09.07"]
[SourceVersion "1"]
[SourceVersionDate "2020.09.07"]
[SourceQuality "2"]

1. e4 e6 2. d4 d5 3. Nc3 Bb4 4. e5 Ne7 5. a3 Bxc3+ 6. bxc3 c5 7. Nf3 Qc7 8. a4
Bd7 9. Bd3 Nbc6 10. O-O c4 11. Be2 f6 12. Re1 Ng6 13. Ba3 O-O-O 14. Bd6 Qa5 15.
Qd2 Nge7 16. Reb1 Nf5 17. Rb5 Qa6 18. Ba3 h5 19. Qc1 Kb8 20. Qb2 Bc8 21. a5
fxe5 22. dxe5 g5 23. Bc5 g4 24. Nd4 Nxe5 25. Rb6 axb6 26. axb6 Rh7 27. Nb5 Nd7
28. Rxa6 bxa6 29. Na7 Bb7 30. Qa3 Nf6 31. f3 gxf3 32. gxf3 h4 33. Bf1 Nh5 34.
Bh3 Nhg7 35. Qa4 Ne8 36. Nc6+ Bxc6 37. Qxc6 1-0

[Event "Regency Masters 6th"]
[Site "Ramsgate"]
[Date "1984.12.08"]
[Round "1"]
[White "Blees, Albert"]
[Black "Kosten, Anthony C"]
[Result "1/2-1/2"]
[WhiteElo "2275"]
[BlackElo "2420"]
[PlyCount "108"]
[EventDate "1984.12.08"]
[EventType "swiss"]
[EventRounds "9"]
[EventCountry "ENG"]
[SourceTitle "BritBase"]
[Source "John Saunders"]
[SourceDate "2020.09.07"]
[SourceVersion "1"]
[SourceVersionDate "2020.09.07"]
[SourceQuality "2"]

1. d4 Nf6 2. c4 e6 3. Nc3 Bb4 4. e3 d5 5. Bd3 O-O 6. Nf3 b6 7. O-O Bb7 8. a3
Bd6 9. Qc2 dxc4 10. Bxc4 Bxf3 11. gxf3 Nbd7 12. f4 c5 13. dxc5 Bxc5 14. b4 Be7
15. Rd1 a5 16. Bb2 axb4 17. axb4 Bxb4 18. Nb5 Rxa1 19. Bxa1 Qe7 20. Qb2 Bc5 21.
Nd4 Rc8 22. Nf3 Ba3 23. Qa2 h6 24. Bb5 Rc1 25. Rxc1 Bxc1 26. Qa8+ Qf8 27. Qa4
Nc5 28. Qc4 Ba3 29. Ne5 Nce4 30. Qc7 Bc5 31. Bc6 Qe7 32. Qc8+ Kh7 33. Qa6 Qd6
34. Qa4 Nd2 35. Nxf7 Qd3 36. Qd1 Ng4 37. Ne5 Nxe5 38. Bxe5 Kg8 39. Bg2 b5 40.
h3 Qb1 41. Qxb1 Nxb1 42. Kf1 b4 43. Ke2 Nc3+ 44. Kd2 Nd5 45. Kd3 Nb6 46. Bd4
Bxd4 47. Kxd4 Kf7 48. h4 Kf6 49. Be4 Nd7 50. h5 b3 51. Bb1 g5 52. hxg6 h5 53.
Ke4 Kxg6 54. f5+ exf5+ 1/2-1/2

[Event "Regency Masters 6th"]
[Site "Ramsgate"]
[Date "1984.12.08"]
[Round "1"]
[White "Carlier, Bruno"]
[Black "Duxbury, Craig"]
[Result "1-0"]
[WhiteElo "2230"]
[BlackElo "1950"]
[PlyCount "55"]
[EventDate "1984.12.08"]
[EventType "swiss"]
[EventRounds "9"]
[EventCountry "ENG"]
[SourceTitle "BritBase"]
[Source "John Saunders"]
[SourceDate "2020.09.07"]
[SourceVersion "1"]
[SourceVersionDate "2020.09.07"]
[SourceQuality "2"]

1. e4 e6 2. d4 d5 3. e5 c5 4. c3 Nc6 5. Nf3 Bd7 6. Be2 f6 7. O-O a5 8. Na3 Nge7
9. Nb5 Ng6 10. exf6 gxf6 11. h4 Qb8 12. g3 Rg8 13. Kh1 Bd6 14. Nh2 cxd4 15.
cxd4 e5 16. Ng4 Be7 17. Be3 f5 18. Nxe5 Ncxe5 19. dxe5 Bc6 20. Bd4 f4 21. Re1
Qc8 22. Bg4 Bd7 23. Rc1 Qd8 24. Nc7+ Kf8 25. Bxd7 Qxd7 26. e6 Qd8 27. Qh5 Rc8
28. Qxh7 1-0

[Event "Regency Masters 6th"]
[Site "Ramsgate"]
[Date "1984.12.08"]
[Round "1"]
[White "Delanoy, Arnaud"]
[Black "Peelen, Piet"]
[Result "0-1"]
[WhiteElo "2000"]
[BlackElo "2240"]
[PlyCount "69"]
[EventDate "1984.12.08"]
[EventType "swiss"]
[EventRounds "9"]
[EventCountry "ENG"]
[SourceTitle "BritBase"]
[Source "John Saunders"]
[SourceDate "2020.09.07"]
[SourceVersion "1"]
[SourceVersionDate "2020.09.07"]
[SourceQuality "2"]

1. d4 Nf6 2. c4 c5 3. d5 e5 4. Nc3 d6 5. e4 Be7 6. Be2 O-O 7. f4 exf4 8. Bxf4
Nbd7 9. h3 a6 10. a4 g6 11. Qc2 Ne5 12. O-O-O Nfd7 13. Nf3 Bf6 14. Qd2 Qb6 15.
h4 h5 16. Nxe5 Nxe5 17. Bh6 Bg7 18. Bxg7 Kxg7 19. Kc2 Bg4 20. b3 Bxe2 21. Nxe2
Qd8 22. Ng1 b5 23. Nf3 bxc4 24. bxc4 Qd7 25. Ra1 f6 26. Nxe5 fxe5 27. Qe2 Rab8
28. Rhf1 Rxf1 29. Qxf1 a5 30. Kc3 Qb7 31. Qc1 Qb3+ 32. Kd2 Qg3 33. Rb1 Qf2+ 34.
Kd3 Qd4+ 35. Ke2 0-1

[Event "Regency Masters 6th"]
[Site "Ramsgate"]
[Date "1984.12.08"]
[Round "1"]
[White "Dunnington, Angus J"]
[Black "Eslon, Jaan"]
[Result "1/2-1/2"]
[WhiteElo "2325"]
[BlackElo "2445"]
[PlyCount "75"]
[EventDate "1984.12.08"]
[EventType "swiss"]
[EventRounds "9"]
[EventCountry "ENG"]
[SourceTitle "BritBase"]
[Source "John Saunders"]
[SourceDate "2020.09.07"]
[SourceVersion "1"]
[SourceVersionDate "2020.09.07"]
[SourceQuality "2"]

1. d4 d5 2. c4 dxc4 3. Nc3 e5 4. e3 exd4 5. exd4 Nf6 6. Bxc4 Be7 7. Nf3 O-O 8.
O-O Nbd7 9. h3 Nb6 10. Bb3 c6 11. Re1 Nbd5 12. Bg5 Be6 13. Ne5 Re8 14. Qf3 Nc7
15. Rad1 Bxb3 16. axb3 Ncd5 17. Ne4 Qc7 18. Bh4 Rf8 19. Ng3 Ne8 20. Bxe7 Nxe7
21. h4 Nf6 22. h5 h6 23. Ng4 Nxg4 24. Qxg4 Rad8 25. Re5 Qd7 26. Qh4 Nd5 27.
Rde1 Rde8 28. Qe4 Nf6 29. Qf4 Nd5 30. Qe4 Rd8 31. Nf5 f6 32. Ne7+ Nxe7 33. Rxe7
Qd5 34. Qg6 Rf7 35. Re8+ Rxe8 36. Rxe8+ Rf8 37. Re7 Rf7 38. Re8+ 1/2-1/2

[Event "Regency Masters 6th"]
[Site "Ramsgate"]
[Date "1984.12.08"]
[Round "1"]
[White "Forintos, Gyozo V"]
[Black "Ravikumar, Vaidyanathan"]
[Result "1/2-1/2"]
[WhiteElo "2425"]
[BlackElo "2385"]
[PlyCount "20"]
[EventDate "1984.12.08"]
[EventType "swiss"]
[EventRounds "9"]
[EventCountry "ENG"]
[SourceTitle "BritBase"]
[Source "John Saunders"]
[SourceDate "2020.09.07"]
[SourceVersion "1"]
[SourceVersionDate "2020.09.07"]
[SourceQuality "2"]

1. d4 d5 2. c4 e6 3. cxd5 exd5 4. Nc3 Nf6 5. Bg5 Be7 6. e3 c6 7. Bd3 Nbd7 8.
Qc2 O-O 9. Nf3 Re8 10. O-O Nf8 1/2-1/2

[Event "Regency Masters 6th"]
[Site "Ramsgate"]
[Date "1984.12.08"]
[Round "1"]
[White "Gil Capape, Javier"]
[Black "Renet, Olivier"]
[Result "1/2-1/2"]
[WhiteElo "2175"]
[BlackElo "2250"]
[PlyCount "76"]
[EventDate "1984.12.08"]
[EventType "swiss"]
[EventRounds "9"]
[EventCountry "ENG"]
[SourceTitle "BritBase"]
[Source "John Saunders"]
[SourceDate "2020.09.07"]
[SourceVersion "1"]
[SourceVersionDate "2020.09.07"]
[SourceQuality "2"]

1. d4 Nf6 2. c4 c5 3. d5 b5 4. cxb5 a6 5. bxa6 g6 6. Nc3 Bxa6 7. g3 d6 8. Nf3
Bg7 9. Bh3 Nbd7 10. O-O Nb6 11. Re1 O-O 12. e4 Nfd7 13. Qc2 Nc4 14. Rd1 Ra7 15.
Ne1 Qa5 16. a3 Rb8 17. Ra2 Bxc3 18. bxc3 Bb5 19. a4 Bxa4 20. Rxa4 Qxa4 21. Qxa4
Rxa4 22. Bxd7 Ra1 23. Bg4 Ne5 24. Be2 Rbb1 25. Nc2 Ra2 26. Bf4 Rbb2 27. Bxe5
Rxc2 28. Bc4 dxe5 29. Bxa2 Rxa2 30. Rb1 Ra4 31. Rb5 Rc4 32. Rb8+ Kg7 33. Rb7
Rxe4 34. Rxe7 Kf6 35. Re8 Re1+ 36. Kg2 Rd1 37. Rc8 Rxd5 38. c4 Rd2 1/2-1/2

[Event "Regency Masters 6th"]
[Site "Ramsgate"]
[Date "1984.12.08"]
[Round "1"]
[White "Halpin, Patrick"]
[Black "Shamkovich, Leonid"]
[Result "0-1"]
[WhiteElo "2200"]
[BlackElo "2455"]
[PlyCount "74"]
[EventDate "1984.12.08"]
[EventType "swiss"]
[EventRounds "9"]
[EventCountry "ENG"]
[SourceTitle "BritBase"]
[Source "John Saunders"]
[SourceDate "2020.09.07"]
[SourceVersion "1"]
[SourceVersionDate "2020.09.07"]
[SourceQuality "2"]

1. e4 c5 2. Nc3 Nc6 3. f4 g6 4. Nf3 Bg7 5. Bc4 e6 6. f5 Nge7 7. fxe6 dxe6 8.
O-O O-O 9. d3 Na5 10. Qe1 Nxc4 11. dxc4 Nc6 12. Bg5 f6 13. Rd1 Nd4 14. Bc1 b6
15. Nb5 e5 16. Nbxd4 exd4 17. c3 d3 18. Qe3 Bb7 19. Rxd3 Qe7 20. Rfd1 Qxe4 21.
Rd7 Qxe3+ 22. Bxe3 Bc6 23. Rc7 Rfc8 24. Rxc8+ Rxc8 25. Kf2 g5 26. h4 h6 27. Nh2
Kf7 28. Nf1 Re8 29. Ng3 Bf8 30. Nf5 Kg6 31. Ng3 gxh4 32. Ne2 Kf7 33. Nf4 Be7
34. Nd5 Bd6 35. Bxh6 Bg3+ 36. Kf1 b5 37. Bf4 Bxd5 0-1

[Event "Regency Masters 6th"]
[Site "Ramsgate"]
[Date "1984.12.08"]
[Round "1"]
[White "Hanreck, Alan E"]
[Black "Cuijpers, Frans Andre"]
[Result "1/2-1/2"]
[WhiteElo "2275"]
[BlackElo "2365"]
[PlyCount "50"]
[EventDate "1984.12.08"]
[EventType "swiss"]
[EventRounds "9"]
[EventCountry "ENG"]
[SourceTitle "BritBase"]
[Source "John Saunders"]
[SourceDate "2020.09.07"]
[SourceVersion "1"]
[SourceVersionDate "2020.09.07"]
[SourceQuality "2"]

1. c4 e5 2. Nc3 Nf6 3. Nf3 Nc6 4. e3 Bb4 5. Qc2 Bxc3 6. Qxc3 Qe7 7. a3 d5 8. b4
d4 9. Qb2 O-O 10. d3 Bg4 11. Be2 Rad8 12. O-O Rfe8 13. e4 Nh5 14. g3 Bh3 15.
Re1 h6 16. Kh1 Nf6 17. Bd2 Ng4 18. b5 Nb8 19. Bb4 Qf6 20. Bd1 Nd7 21. Ra2 Qg6
22. Ng1 Qh5 23. Nxh3 Qxh3 24. Bxg4 Qxg4 25. Qe2 Qxe2 1/2-1/2

[Event "Regency Masters 6th"]
[Site "Ramsgate"]
[Date "1984.12.08"]
[Round "1"]
[White "Hartoch, Robert"]
[Black "Singh, PK.."]
[Result "1-0"]
[WhiteElo "2365"]
[BlackElo "2260"]
[PlyCount "83"]
[EventDate "1984.12.08"]
[EventType "swiss"]
[EventRounds "9"]
[EventCountry "ENG"]
[SourceTitle "BritBase"]
[Source "John Saunders"]
[SourceDate "2020.09.07"]
[SourceVersion "1"]
[SourceVersionDate "2020.09.07"]
[SourceQuality "2"]

1. d4 Nf6 2. Nf3 c5 3. d5 e6 4. c4 b5 5. dxe6 fxe6 6. cxb5 d5 7. e3 Bd6 8. Nc3
O-O 9. Bd3 Bb7 10. Qe2 e5 11. e4 d4 12. Nb1 Kh8 13. Nbd2 Nbd7 14. O-O Qe7 15.
Nc4 Nh5 16. Bg5 Qe6 17. Nfd2 Nf4 18. Bxf4 Rxf4 19. Na5 Rb8 20. Nxb7 Rxb7 21.
Nc4 Bc7 22. a4 Rb8 23. Ra3 Rbf8 24. a5 Qh6 25. g3 R4f7 26. Nd2 Qh3 27. Bc4 Rf6
28. f3 g5 29. b6 axb6 30. a6 b5 31. Bxb5 Nb6 32. a7 Na8 33. Bc4 Bb6 34. g4 Qh6
35. Rfa1 Qg7 36. Nf1 h5 37. Ng3 hxg4 38. fxg4 Rf2 39. Qxf2 Rxf2 40. Kxf2 Qh7
41. Kg2 Qh4 42. Rf1 1-0

[Event "Regency Masters 6th"]
[Site "Ramsgate"]
[Date "1984.12.08"]
[Round "1"]
[White "Hebden, Mark L"]
[Black "Bosboom, Manuel"]
[Result "1/2-1/2"]
[WhiteElo "2480"]
[BlackElo "2380"]
[PlyCount "172"]
[EventDate "1984.12.08"]
[EventType "swiss"]
[EventRounds "9"]
[EventCountry "ENG"]
[SourceTitle "BritBase"]
[Source "John Saunders"]
[SourceDate "2020.09.07"]
[SourceVersion "1"]
[SourceVersionDate "2020.09.07"]
[SourceQuality "2"]

1. e4 d6 2. f4 g6 3. Nf3 Bg7 4. Nc3 Nf6 5. g3 O-O 6. Bg2 Nc6 7. d3 Bd7 8. h3 e5
9. g4 exf4 10. Bxf4 b5 11. Qd2 b4 12. Ne2 Qe7 13. Bg5 Rfe8 14. O-O-O a5 15. Nf4
Qf8 16. Rhf1 Be6 17. e5 dxe5 18. Nxe5 Nxe5 19. Bxa8 Bxa2 20. Bxf6 Bxf6 21. Bd5
b3 22. Rde1 Rd8 23. d4 c6 24. dxe5 Bg5 25. h4 Rxd5 26. Qe3 Bxf4 27. Rxf4 bxc2
28. e6 Rd1+ 29. Kxc2 Rxe1 30. Qxe1 Bxe6 31. Qxa5 Qd6 32. Qd2 Bd5 33. Qe3 Qd8
34. g5 Be6 35. Rd4 Qa5 36. Qc3 Qf5+ 37. Qd3 Qc5+ 38. Kd2 Qa5+ 39. b4 Qa2+ 40.
Qc2 Qa8 41. Rd6 Bd5 42. Qc3 Qb8 43. Qc5 Qa8 44. Rd7 Qa2+ 45. Qc2 Qa8 46. Qc3
Qb8 47. Re7 Qd8 48. Qc5 Bc4+ 49. Kc1 Bd5 50. Re3 Qa8 51. Qd4 Qd8 52. Kd2 Qa8
53. Ke1 Qd8 54. Kf2 Qa8 55. Kg1 Be6 56. Rd3 Bd5 57. Re3 Be6 58. Kf2 Bd5 59. Kg3
Be6 60. Rd3 Bd5 61. Re3 Be6 62. Re2 Qb8+ 63. Qf4 Qa7 64. Kh2 Qb7 65. Re1 Qa8
66. Re2 Qa3 67. Rd2 Qh3+ 68. Kg1 Bd5 69. b5 Qh1+ 70. Kf2 Qg2+ 71. Ke1 Qg1+ 72.
Ke2 Qb6 73. bxc6 Bxc6 74. Qf6 Bb5+ 75. Kf3 Bc6+ {score unclear at this point 
(gives the illegal "76 Rd6 Qb4 77 Rd6 Qb4") but it looks like the game ended...
} 76. Kf4 Qb4+ 77. Rd4 Qb8+ 78. Ke3 Qb3+ 79. Rd3 Qb6+ 80. Kd2 Qb4+ 81. Rc3 Qb2+
82. Kd3 Qb1+ 83. Kd2 Qb2+ 84. Ke3 Qb6+ 85. Kd3 Qb1+ 86. Kc4 Qb5+ {Bulletin (JS
comment)} 1/2-1/2

[Event "Regency Masters 6th"]
[Site "Ramsgate"]
[Date "1984.12.08"]
[Round "1"]
[White "Josephs, Ian"]
[Black "Lengyel, Levente"]
[Result "1/2-1/2"]
[WhiteElo "1800"]
[BlackElo "2400"]
[PlyCount "21"]
[EventDate "1984.12.08"]
[EventType "swiss"]
[EventRounds "9"]
[EventCountry "ENG"]
[SourceTitle "BritBase"]
[Source "John Saunders"]
[SourceDate "2020.09.07"]
[SourceVersion "1"]
[SourceVersionDate "2020.09.07"]
[SourceQuality "2"]

1. e4 c5 2. c3 e6 3. d4 d5 4. exd5 Qxd5 5. Nf3 Nf6 6. Bd3 Be7 7. O-O O-O 8. c4
Qd8 9. dxc5 Na6 10. c6 bxc6 11. Nc3 1/2-1/2

[Event "Regency Masters 6th"]
[Site "Ramsgate"]
[Date "1984.12.08"]
[Round "1"]
[White "King, Daniel J"]
[Black "Fuller, Maxwell L"]
[Result "1/2-1/2"]
[WhiteElo "2435"]
[BlackElo "2335"]
[PlyCount "71"]
[EventDate "1984.12.08"]
[EventType "swiss"]
[EventRounds "9"]
[EventCountry "ENG"]
[SourceTitle "BritBase"]
[Source "John Saunders"]
[SourceDate "2020.09.07"]
[SourceVersion "1"]
[SourceVersionDate "2020.09.07"]
[SourceQuality "2"]

1. e4 g6 2. d4 Bg7 3. f4 d5 4. e5 Nh6 5. Nf3 f6 6. Bd3 O-O 7. Be3 Bf5 8. Nc3
Nc6 9. h3 fxe5 10. fxe5 Nb4 11. O-O Qd7 12. Bxf5 Nxf5 13. Bf2 Bh6 14. Qe2 Ng7
15. a3 Na6 16. Rad1 c6 17. Be3 Bxe3+ 18. Qxe3 Nc7 19. g4 Nce6 20. Ne2 Rf7 21.
Rf2 Raf8 22. Rdf1 Nf4 23. Ng5 Nxe2+ 24. Qxe2 Rxf2 25. Rxf2 Rxf2 26. Qxf2 Qe8
27. Qh4 h5 28. Qg3 Qc8 29. Qd3 hxg4 30. Qxg6 Qf5 31. Qxf5 Nxf5 32. hxg4 Nxd4
33. c3 Nb3 34. Ne6 Nd2 35. Nd8 Nf3+ 36. Kg2 1/2-1/2

[Event "Regency Masters 6th"]
[Site "Ramsgate"]
[Date "1984.12.08"]
[Round "1"]
[White "Littlewood, Paul E"]
[Black "Janssen, Han"]
[Result "1-0"]
[WhiteElo "2435"]
[BlackElo "2285"]
[PlyCount "79"]
[EventDate "1984.12.08"]
[EventType "swiss"]
[EventRounds "9"]
[EventCountry "ENG"]
[SourceTitle "BritBase"]
[Source "John Saunders"]
[SourceDate "2020.09.07"]
[SourceVersion "1"]
[SourceVersionDate "2020.09.07"]
[SourceQuality "2"]

1. d4 Nf6 2. c4 e6 3. Nf3 d5 4. Nc3 c5 5. cxd5 Nxd5 6. e4 Nxc3 7. bxc3 cxd4 8.
cxd4 Bb4+ 9. Bd2 Bxd2+ 10. Qxd2 O-O 11. Bc4 Nc6 12. O-O Qd6 13. Rad1 Rd8 14. e5
Qe7 15. Qf4 Bd7 16. h4 Nb4 17. Ng5 Bc6 18. a3 Bd5 19. Bxd5 Nxd5 20. Qe4 g6 21.
Qg4 h6 22. Ne4 h5 23. Qg3 Rac8 24. Rd3 Rd7 25. Rf3 Qd8 26. Rb1 b6 27. Rb5 Rc1+
28. Kh2 Re1 29. Ng5 Nc7 30. Rb4 Rd1 31. Ne4 R7xd4 32. Nf6+ Kf8 33. Qg5 Rxb4 34.
axb4 Nd5 35. Qh6+ Ke7 36. Qh7 Qf8 37. Ng8+ Ke8 38. Nh6 Rd4 39. Rxf7 Rxh4+ 40.
Kg1 1-0

[Event "Regency Masters 6th"]
[Site "Ramsgate"]
[Date "1984.12.08"]
[Round "1"]
[White "Martin, Andrew D"]
[Black "Grooten, Herman"]
[Result "1-0"]
[WhiteElo "2445"]
[BlackElo "2310"]
[PlyCount "61"]
[EventDate "1984.12.08"]
[EventType "swiss"]
[EventRounds "9"]
[EventCountry "ENG"]
[SourceTitle "BritBase"]
[Source "John Saunders"]
[SourceDate "2020.09.07"]
[SourceVersion "1"]
[SourceVersionDate "2020.09.07"]
[SourceQuality "2"]

1. d4 Nf6 2. c4 e6 3. Nc3 Bb4 4. e3 c5 5. a3 Bxc3+ 6. bxc3 d6 7. Bd3 Nc6 8. Ne2
e5 9. O-O e4 10. Bb1 O-O 11. Ng3 Re8 12. f3 exf3 13. Qxf3 Be6 14. Bd3 Qa5 15.
Bb2 Qa4 16. Rae1 Ne7 17. d5 Bg4 18. Qf4 Ng6 19. Bxg6 hxg6 20. Qxd6 Qxc4 21. e4
g5 22. e5 Red8 23. Qe7 Rd7 24. exf6 Rxe7 25. fxe7 Re8 26. Re4 Qb3 27. Rxg4 Qxb2
28. d6 Qd2 29. Nf5 Rxe7 30. dxe7 Qe2 31. Rg3 1-0

[Event "Regency Masters 6th"]
[Site "Ramsgate"]
[Date "1984.12.08"]
[Round "1"]
[White "Mednis, Edmar J"]
[Black "Menadue, Jeremy FS"]
[Result "1-0"]
[WhiteElo "2460"]
[BlackElo "2050"]
[PlyCount "76"]
[EventDate "1984.12.08"]
[EventType "swiss"]
[EventRounds "9"]
[EventCountry "ENG"]
[SourceTitle "BritBase"]
[Source "John Saunders"]
[SourceDate "2020.09.07"]
[SourceVersion "1"]
[SourceVersionDate "2020.09.07"]
[SourceQuality "2"]

1. c4 Nf6 2. g3 e5 3. Bg2 c6 4. d4 exd4 5. Qxd4 d5 6. cxd5 cxd5 7. Nf3 Nc6 8.
Qd1 Be7 9. O-O O-O 10. Nc3 Be6 11. Bf4 Qb6 12. Qd3 Rfd8 13. Ng5 Nb4 14. Qb5 d4
15. Qxb6 axb6 16. Nxe6 fxe6 17. Nb5 Nfd5 18. Bxd5 Nxd5 19. Be5 d3 20. exd3 Ra5
21. a4 Bf6 22. d4 Bxe5 23. dxe5 Rc8 24. Rfd1 Rc4 25. b3 Rb4 26. Rac1 Kf7 27.
Rd3 Kg6 28. f4 Ra8 29. Nd6 Ne7 30. Rc7 Nc6 31. Nb5 Na5 32. Rdd7 Rg8 33. Re7
Nxb3 34. Rxe6+ Kf5 35. Rxb6 Kg4 36. Kg2 Rxa4 37. h3+ Kh5 38. Nc3 Ra3 {[score
ends - 48 moves played]} 1-0

[Event "Regency Masters 6th"]
[Site "Ramsgate"]
[Date "1984.12.08"]
[Round "1"]
[White "O'Brien, Richard W"]
[Black "Crawley, Gavin"]
[Result "0-1"]
[WhiteElo "2030"]
[BlackElo "2300"]
[PlyCount "92"]
[EventDate "1984.12.08"]
[EventType "swiss"]
[EventRounds "9"]
[EventCountry "ENG"]
[SourceTitle "BritBase"]
[Source "John Saunders"]
[SourceDate "2020.09.07"]
[SourceVersion "1"]
[SourceVersionDate "2020.09.07"]
[SourceQuality "2"]

1. e4 e5 2. Nf3 Nc6 3. Bb5 a6 4. Ba4 Nf6 5. O-O Be7 6. Re1 b5 7. Bb3 O-O 8. c3
d5 9. d3 Bb7 10. Nbd2 dxe4 11. dxe4 Bc5 12. Qe2 Ng4 13. Rf1 Qe7 14. h3 Nf6 15.
Re1 Nd8 16. Bc2 Ne6 17. Nb3 Bd6 18. Na5 c5 19. a4 c4 20. Nh4 g6 21. Bh6 Rfe8
22. Qf3 Rab8 23. axb5 axb5 24. Nxb7 Rxb7 25. Ra6 Bb8 26. g3 Nd7 27. Ng2 Ba7 28.
h4 b4 29. Be3 b3 30. Rxa7 Rxa7 31. Bxa7 bxc2 32. Qe2 Nf6 33. Be3 Nxe4 34. Qxc4
Qb7 35. Bc1 N4c5 36. Qe2 Qb3 37. Ne3 Nd4 38. cxd4 exd4 39. Qxc2 Rxe3 40. Qd2
Rxe1+ 41. Qxe1 Nd3 42. Qe8+ Kg7 43. Bf4 Qxb2 44. Be5+ Kh6 45. Qxf7 Qc1+ 46. Kg2
Nxe5 0-1

[Event "Regency Masters 6th"]
[Site "Ramsgate"]
[Date "1984.12.08"]
[Round "1"]
[White "O'Leary, Matt"]
[Black "Jagerflod, Kent"]
[Result "0-1"]
[WhiteElo "2100"]
[BlackElo "1950"]
[PlyCount "84"]
[EventDate "1984.12.08"]
[EventType "swiss"]
[EventRounds "9"]
[EventCountry "ENG"]
[SourceTitle "BritBase"]
[Source "John Saunders"]
[SourceDate "2020.09.07"]
[SourceVersion "1"]
[SourceVersionDate "2020.09.07"]
[SourceQuality "2"]

1. d4 Nf6 2. Nf3 e6 3. Bg5 c5 4. e3 Be7 5. Bd3 O-O 6. O-O d5 7. c3 Qb6 8. Qc2
h6 9. Bh4 Nc6 10. Nbd2 Bd7 11. a4 a5 12. Rfb1 Rac8 13. Ne5 Be8 14. Ndf3 cxd4
15. Nxc6 bxc6 16. cxd4 c5 17. Rc1 c4 18. b3 cxb3 19. Qxc8 b2 20. Qc2 bxc1=Q+
21. Rxc1 Qb4 22. Ra1 Bd6 23. Bg3 Bxg3 24. hxg3 Bd7 25. Rb1 Qd6 26. Ne5 Rb8 27.
Nxd7 Nxd7 28. Rc1 Nb6 29. Kf1 Kf8 30. Bb5 Rc8 31. Qb1 g6 32. Rxc8+ Nxc8 33. Qe1
Qc7 34. f4 Nd6 35. Bd3 Nc4 36. g4 Qc6 37. Bxc4 Qxc4+ 38. Kg1 Qxa4 39. Qh4 Kg7
40. f5 exf5 41. gxf5 Qd1+ 42. Kh2 Qh5 {Time} 0-1

[Event "Regency Masters 6th"]
[Site "Ramsgate"]
[Date "1984.12.08"]
[Round "1"]
[White "Pliester, Leon"]
[Black "Solomon, Stephen J"]
[Result "1-0"]
[WhiteElo "2335"]
[BlackElo "2250"]
[PlyCount "69"]
[EventDate "1984.12.08"]
[EventType "swiss"]
[EventRounds "9"]
[EventCountry "ENG"]
[SourceTitle "BritBase"]
[Source "John Saunders"]
[SourceDate "2020.09.07"]
[SourceVersion "1"]
[SourceVersionDate "2020.09.07"]
[SourceQuality "2"]

1. c4 Nf6 2. Nf3 g6 3. g3 Bg7 4. Bg2 O-O 5. O-O d6 6. Nc3 e5 7. d3 a5 8. Ne1 c6
9. e4 Na6 10. Nc2 Nh5 11. Be3 Be6 12. a3 Nc7 13. Qe2 Qd7 14. Na4 Ra6 15. Nb6
Qd8 16. b4 a4 17. Rab1 Ne8 18. c5 Nc7 19. d4 Bb3 20. dxe5 Nb5 21. exd6 Bxc2 22.
Qxc2 Nxa3 23. Qa2 Nxb1 24. Rxb1 Nf6 25. e5 Nd7 26. e6 fxe6 27. Qxe6+ Rf7 28. b5
Ra5 29. bxc6 bxc6 30. Nxd7 Qxd7 31. Rb8+ Bf8 32. Bh3 Qa7 33. Rxf8+ Kxf8 34.
Bh6+ Rg7 35. d7 1-0

[Event "Regency Masters 6th"]
[Site "Ramsgate"]
[Date "1984.12.08"]
[Round "1"]
[White "Robertson, M AUS.."]
[Black "Grimberg, Gilbert"]
[Result "0-1"]
[WhiteElo "2050"]
[BlackElo "2225"]
[PlyCount "72"]
[EventDate "1984.12.08"]
[EventType "swiss"]
[EventRounds "9"]
[EventCountry "ENG"]
[SourceTitle "BritBase"]
[Source "John Saunders"]
[SourceDate "2020.09.07"]
[SourceVersion "1"]
[SourceVersionDate "2020.09.07"]
[SourceQuality "2"]

1. e4 c5 2. Nc3 d6 3. d3 Nc6 4. g3 g6 5. Bg2 Bg7 6. Be3 b5 7. Qd2 b4 8. Nd1 Bb7
9. Ne2 Nf6 10. Bh6 O-O 11. Bxg7 Kxg7 12. Ne3 e6 13. f4 d5 14. e5 Ne8 15. d4
cxd4 16. Nxd4 Nxd4 17. Qxd4 Qb6 18. O-O-O Qxd4 19. Rxd4 a5 20. h4 h5 21. g4 Nc7
22. gxh5 Nb5 23. Rd2 a4 24. Rg1 a3 25. b3 Nc3 26. Nd1 Nxa2+ 27. Kb1 Nc3+ 28.
Nxc3 bxc3 29. Rd3 Rfc8 30. Rg3 Kh7 31. Bf1 f5 32. hxg6+ Kg7 33. h5 Rh8 34. Be2
d4 35. Rh3 Be4 36. Rd1 a2+ {(58 moves)} 0-1

[Event "Regency Masters 6th"]
[Site "Ramsgate"]
[Date "1984.12.08"]
[Round "1"]
[White "Wright, Josie H"]
[Black "Nicholson, John G"]
[Result "0-1"]
[WhiteElo "1900"]
[BlackElo "2295"]
[PlyCount "78"]
[EventDate "1984.12.08"]
[EventType "swiss"]
[EventRounds "9"]
[EventCountry "ENG"]
[SourceTitle "BritBase"]
[Source "John Saunders"]
[SourceDate "2020.09.07"]
[SourceVersion "1"]
[SourceVersionDate "2020.09.07"]
[SourceQuality "2"]

1. e4 c5 2. c3 d5 3. exd5 Qxd5 4. d4 Nf6 5. Nf3 e6 6. Bd3 Be7 7. O-O O-O 8.
dxc5 Rd8 9. Bc2 Qxd1 10. Rxd1 Rxd1+ 11. Bxd1 Bxc5 12. Nbd2 Nc6 13. b4 Be7 14.
a4 Nd5 15. Bb2 b6 16. b5 Na5 17. c4 Nf4 18. Bc3 Bf6 19. Bxf6 gxf6 20. Nd4 Bb7
21. N4b3 Nxb3 22. Nxb3 Bxg2 23. f3 Rc8 24. c5 bxc5 25. Rc1 Rd8 26. Nxc5 Rd2 27.
h4 Bh3 28. Ne4 Rg2+ 29. Kh1 Rb2 30. Rc2 Rb1 31. Nf2 Bf5 32. Rd2 Nd5 33. Kh2 Kf8
34. Ne4 Ke7 35. Kg3 Ra1 36. Bb3 Bxe4 37. fxe4 Nb6 38. Rd4 Ra3 39. Rb4 Kd6 0-1